Statistiques concernant Lettre précédente par ordre alphabétique

Cliquez ici pour prendre le quiz!

Statistiques générales

  • Ce quiz a été pris 83 fois
  • Le résultat moyen est 21 sur 26

Statistiques - réponses

LettrePrécédente% Correct
BA
94%
CB
94%
JI
93%
AZ
93%
DC
91%
FE
91%
GF
91%
LK
91%
ED
90%
IH
90%
ML
90%
KJ
89%
HG
87%
NM
87%
PO
81%
QP
81%
ON
79%
SR
79%
RQ
73%
TS
71%
UT
69%
VU
64%
WV
57%
XW
56%
YX
50%
ZY
44%

Distribution des résultats

Percentile par nombre de réponses

% des personnes avec chaque résultat

Votre développement - résultats

Vous n’avez pas pris ce quiz